000 01925nam a22003737a 4500
003 CHAP
005 20240521125928.0
007 ta
008 221121s2022 mx aobdfs|||| 001 0 spa d
040 _amxchpua
090 _aT.C.881
_bP66 SAI
_c2022
245 1 0 _aReporte de la materia de sistemas agroindustriales para el sistema :
_bproducto uva para vino, en la región noroeste (Baja California) /
_ccoordinadores Pedro Ponce Hernández y Francisco Martínez Mosqueda ; colaboradores Sebastián Alvarado Castro...[y otros]
260 _aChapingo, México :
_bEl autor,
_c2022
300 _a1 recurso en línea (52 páginas) :
_bilustraciones, gráficas, diagramas, tablas, fotos
336 _2rdacontent
_atexto
_btxt
337 _2rda media
_acomputadora
_bc
338 _2rdacarrier
_arecurso en línea
_bcr
500 _aGrado : 6° Grupo : 2 -- Directorio : paginas 50-52
502 _aViaje de Estudios
_b(SAI) --
_cUACh. Departamento de Ingeniería Agroindustrial,
_d2022
504 _aBibliografía : paginas 39-42
505 0 _aVisitas : --
_t1. Vinícola El cielo -- 2. Vinos y viñedos Aldo Cesar Palafox
650 1 3 _9162335
_aUvas de vino
_zMéxico
_zBaja California
650 1 3 _9151244
_aVinificación
_zMéxico
_zBaja California
650 1 3 _9120043
_aViticultura
_zMéxico
_zBaja California
650 1 3 _9151418
_aIndustria del vino
_zMéxico
_zBaja California
650 1 3 _9162338
_aWine grapes
_zMexico
_zBaja California
650 1 3 _9151246
_aWinemaking
_zMexico
_zBaja California
650 1 3 _9149530
_aViticulture
_zMexico
_zBaja California
650 1 3 _9151419
_aWine industry
_zMexico
_zBaja california
700 1 _9147918
_aPonce Hernández, Pedro
_ecoordinador
700 1 _9148600
_aMartínez Mosqueda, Francisco
_ecoordinador
700 1 _9185702
_aAlvarado Castro, Sebastián
_ecolaborador
856 4 0 _uhttp://10.13.5.2/ve/T_C_881_SAI/T_C_881_SAI_2022-REPORTE_pdf
_yDESCARGAR REPORTE
999 _c217844
_d217844